Текст томруулах:    
Designed to win (Бичлэгийн дугаар. 145928)
000 -УДИРДЛАГА
Удирдлага 01246 a2200385 4500
003 - ХЯНАЛТЫН ТОО ТОДОРХОЙЛОГЧ
Код MN-UlNUM
005 - БИЧИЛТ ХИЙСЭН ОГНОО
Тухайн бичилтийг бичсэн засварласан сүүлийн огноо 20251213122335.0
008 - ЕРӨНХИЙ МЭДЭЭЛЭЛ
Ерөнхий мэдээлэл 110605s2006 nyu b 001 0 eng d
020 ## - ISBN
ISBN 0071467521
-- 9780071467520
040 ## - БИЧЛЭГ ҮҮСГЭГЧ БАЙГУУЛЛАГА
Бичлэг үүсгэгч номын сангийн код МУИС-ийн номын сан
084 ## - ББК АНГИЛАЛ
ББК ангилал 65.290-2
Зохиогчийн гурван тэмдэгт Y 66
Нэмэлт тусгалт Нэг сэдэвт бүтээл
Мэдлэгийн ялгаа 65 - Эдийн засаг
100 1# - ЗОХИОГЧ
Зохиогчийн нэр Yoshihara, Hiroaki
245 10 - ҮНДСЭН ГАРЧИГ
Номын нэр Designed to win
Бага гарчгийн мэдээ Strategies for building a thriving global business
Оролцогчдын тухай мэдээ Hiroaki Yoshihara, Mary Pat McCarthy
260 ## - ГАРАЛТЫН МЭДЭЭ
Хэвлэгдсэн газар New York
Хэвлэлийн газар McGraw-Hill
Хэвлэгдсэн он 2006
300 ## - МАТЕРИАЛЫН ТОДОРХОЙЛОЛТ
хуудасны тоо x, 274 p.
Хэмжээ 24 cm
500 ## - Тайлбар
Дансны дугаар БС 5972
546 ## - ХЭЛНИЙ ТУХАЙ МЭДЭЭ
Хэл Англи хэл дээр,
653 ## - Түлхүүр үг
Түлхүүр үг international business enterprises
653 ## - Түлхүүр үг
Түлхүүр үг business planning
653 ## - Түлхүүр үг
Түлхүүр үг strategic planning
700 1# - ХАМ ЗОХИОГЧИД
Ба бус McCarthy, Mary Pat
740 ## - НОМЫН ГАРЧИГ
Гарчиг Winning in the Global Arena
740 ## - НОМЫН ГАРЧИГ
Гарчиг A New Equation for Success
740 ## - НОМЫН ГАРЧИГ
Гарчиг A Simple Vision for Complex Times
740 ## - НОМЫН ГАРЧИГ
Гарчиг Building Value Through Effective
740 ## - НОМЫН ГАРЧИГ
Гарчиг Global Operations
740 ## - НОМЫН ГАРЧИГ
Гарчиг The Corporate Ecosystem
740 ## - НОМЫН ГАРЧИГ
Гарчиг Marketing With a Global Face
740 ## - НОМЫН ГАРЧИГ
Гарчиг Global Value Creation
740 ## - НОМЫН ГАРЧИГ
Гарчиг Governing Change
740 ## - НОМЫН ГАРЧИГ
Гарчиг Commercial Diplomacy
942 ## - ЭЛЕМЕНТИЙН ТӨРӨЛ
Зүйлийн төрөл Ном